Abstract convex analysis /
Guardado en:
| Autor Principal: | |
|---|---|
| Formato: | Libro |
| Idioma: | English |
| Publicado: |
New York :
Wiley,
c1997.
|
| Series: | Canadian Mathematical Society series of monographs and advanced texts
|
| Acceso en línea: | Publisher description |
| Etiquetas: |
Agregar Etiqueta
Sin Etiquetas, Sea el primero en etiquetar este registro!
|
| LEADER | 01343nam a22002295a 4500 | ||
|---|---|---|---|
| 001 | MAT.inmabb000173 | ||
| 008 | 960724s1997####nyu######b####001#0#eng## | ||
| 005 | 20180612122143.0 | ||
| 245 | 1 | 0 | |a Abstract convex analysis / |c Ivan Singer. |
| 260 | |a New York : |b Wiley, |c c1997. | ||
| 300 | |a xix, 491 p. ; |c 25 cm. | ||
| 440 | 0 | |a Canadian Mathematical Society series of monographs and advanced texts | |
| 500 | |a "A Wiley-Interscience publication." | ||
| 504 | |a Incluye referencias bibliográficas (p. 461- 474) e índices. | ||
| 505 | 0 | |a Introduction : From convex analysis to abstract convex analysis -- 1. Abstract convexity of elements of a complete lattice -- 2. Abstract convexity of subsets of a set -- 3. Abstract convexity of functions on a set -- 4. Abstract quasi-convexity of functions on a set -- 5. Dualities between complete lattices -- 6. Dualities between families of subsets -- 7. Dualities between sets of functions -- 8. Conjugations -- 9. $ vee$-dualities and $ bot$-dualities -- 10. Abstract subdifferentials. | |
| 510 | 4 | |a MR, |c 98k:49002 | |
| 020 | |a 0471160156 | ||
| 100 | 1 | |a Singer, Ivan. | |
| 084 | |a 49-02 (06A15 46A40 46N10 47N10 49N15 52A01 90C26) |2 msc2000 | ||
| 010 | |a 96032000 | ||
| 856 | 4 | 2 | |3 Publisher description |u http://www.loc.gov/catdir/description/wiley037/96032000.html |
| 859 | |h 49 |i Si617 |p A-7884 |b BIB. MATEMATICA | ||
